de Gruchy's Clinical Haematology in Medical Practice (Record no. 246493)

MARC details
000 -LEADER
fixed length control field 00480nam a2200181Ia 4500
008 - FIXED-LENGTH DATA ELEMENTS--GENERAL INFORMATION
fixed length control field 240913s9999||||xx |||||||||||||| ||und||
082 ## - DEWEY DECIMAL CLASSIFICATION NUMBER
-- 616.15 Q4
100 ## - MAIN ENTRY--PERSONAL NAME
Personal name Renu Saxena
245 #0 - TITLE STATEMENT
Title de Gruchy's Clinical Haematology in Medical Practice
250 ## - EDITION STATEMENT
Edition statement 6th
260 ## - PUBLICATION, DISTRIBUTION, ETC. (IMPRINT)
Date of publication, distribution, etc 2014
Name of publisher, distributor, etc Wiley India Pv
Place of publication, distribution, etc New Delhi
500 ## - GENERAL NOTE
General note REFERENCE
650 ## - SUBJECT ADDED ENTRY--TOPICAL TERM
Topical term or geographic name as entry element Perfusion Technology
942 ## - ADDED ENTRY ELEMENTS (KOHA)
Item type Reference
Holdings
Withdrawn status Lost status Damaged status Permanent location Current location Shelving location Date acquired Source of acquisition Full call number Barcode Date last seen Koha item type
      CENTRAL LIBRARY, NOORUL ISLAM CENTRE FOR HIGHER EDUCATION CENTRAL LIBRARY, NOORUL ISLAM CENTRE FOR HIGHER EDUCATION   02/07/2018 Edumart, Thiruvananthapuram 616.15 Q4 77301 09/13/2024 Reference
Visitors:
Copyright © 2024 Central Library NICHE.  All rights reserved.